Die meistgefürchteten Länder der Deutschen - Statistiken

Allgemein
  • Dieses Quiz wurde 102 mal gespielt
  • Das Durchschnittsergebnis liegt bei 12 aus 15
Antwortstatistiken
Land % Korrekt
Russland
98%
Vereinigte Staaten
98%
China
96%
Iran
93%
Irak
87%
Afghanistan
84%
Israel
83%
Nordkorea
82%
Syrien
78%
Türkei
78%
Ukraine
74%
Saudi-Arabien
70%
Pakistan
69%
Indien
68%
Belarus
59%
Keine übereinstimmenden Quizze gefunden
Verteilung der Resultate
Anzahl Personen mit jedem Resultat
Perzentil nach korrekt beantworteten Fragen
Ihre Resultats-Entwicklung
Sie haben dieses Quiz noch nicht gespielt